[Event "High League 2022 women"]
[Site "Obninsk"]
[Date "2022.07.04"]
[Round "8.9"]
[White "Shvedova, Alexandra"]
[Black "Gritsayeva, Oksana"]
[Result "0-1"]
[LiveChessVersion "1.4.7"]
[BlackElo "2309"]
[WhiteElo "2106"]

1. e4 {[%clk 1:30:57]} e6 {[%clk 1:30:45]} 2. d4 {[%clk 1:31:21]} d5
{[%clk 1:31:12]} 3. Nc3 {[%clk 1:31:30]} dxe4 {[%clk 1:29:45]} 4. Nxe4
{[%clk 1:31:54]} Bd7 {[%clk 1:30:12]} 5. Nf3 {[%clk 1:29:14]} Bc6
{[%clk 1:30:36]} 6. Bd3 {[%clk 1:29:08]} Nd7 {[%clk 1:30:55]} 7. c4
{[%clk 1:22:14]} Ngf6 {[%clk 1:29:53]} 8. Nc3 {[%clk 1:21:02]} Bxf3
{[%clk 1:28:55]} 9. Qxf3 {[%clk 1:21:19]} c6 {[%clk 1:29:07]} 10. O-O
{[%clk 1:12:41]} Bd6 {[%clk 1:27:19]} 11. Re1 {[%clk 1:07:36]} O-O
{[%clk 1:26:19]} 12. Bf4 {[%clk 0:59:58]} Bxf4 {[%clk 1:25:56]} 13. Qxf4
{[%clk 1:00:24]} Qb8 {[%clk 1:23:45]} 14. Qh4 {[%clk 0:58:47]} Re8
{[%clk 1:14:37]} 15. Rad1 {[%clk 0:55:46]} h6 {[%clk 1:12:32]} 16. b4
{[%clk 0:49:08]} a5 {[%clk 1:11:17]} 17. b5 {[%clk 0:44:59]} c5 {[%clk 1:06:34]}
18. dxc5 {[%clk 0:27:34]} Nxc5 {[%clk 1:05:53]} 19. Bc2 {[%clk 0:25:59]} Qc7
{[%clk 1:04:37]} 20. Qg3 {[%clk 0:21:53]} Qxg3 {[%clk 1:01:51]} 21. hxg3
{[%clk 0:22:17]} Red8 {[%clk 1:01:39]} 22. f3 {[%clk 0:19:40]} Rac8
{[%clk 0:59:36]} 23. Kf2 {[%clk 0:17:45]} Kf8 {[%clk 0:58:16]} 24. g4
{[%clk 0:12:38]} Rxd1 {[%clk 0:57:17]} 25. Nxd1 {[%clk 0:11:48]} Ncd7
{[%clk 0:55:06]} 26. Nb2 {[%clk 0:10:43]} Nb6 {[%clk 0:53:11]} 27. Be4
{[%clk 0:10:35]} Rc7 {[%clk 0:52:34]} 28. Re3 {[%clk 0:04:10]} Nbd7
{[%clk 0:48:48]} 29. Ke2 {[%clk 0:02:35]} Nc5 {[%clk 0:46:26]} 30. Bc2
{[%clk 0:02:33]} Rc8 {[%clk 0:45:12]} 31. Kd2 {[%clk 0:01:41]} Rd8+
{[%clk 0:44:52]} 32. Kc3 {[%clk 0:01:27]} Rd6 {[%clk 0:41:30]} 33. Nd3
{[%clk 0:01:07]} Nfd7 {[%clk 0:40:27]} 34. Nxc5 {[%clk 0:00:56]} Nxc5
{[%clk 0:40:52]} 35. f4 {[%clk 0:01:11]} f6 {[%clk 0:39:23]} 36. g3
{[%clk 0:00:44]} b6 {[%clk 0:35:27]} 37. Re1 {[%clk 0:00:50]} Kf7
{[%clk 0:35:08]} 38. Re2 {[%clk 0:00:47]} Rd8 {[%clk 0:34:55]} 39. Rh2
{[%clk 0:00:38]} Ke7 {[%clk 0:32:30]} 40. Rh1 {[%clk 0:30:40]} Rg8
{[%clk 1:00:46]} 41. Bh7 {[%clk 0:22:58]} Rh8 {[%clk 1:00:14]} 42. Bc2
{[%clk 0:23:17]} Rg8 {[%clk 0:55:48]} 43. Bh7 {[%clk 0:23:37]} Rd8
{[%clk 0:56:12]} 44. Bc2 {[%clk 0:22:03]} e5 {[%clk 0:54:51]} 45. Re1
{[%clk 0:20:39]} Rd4 {[%clk 0:53:57]} 46. fxe5 {[%clk 0:14:13]} Rxg4
{[%clk 0:53:24]} 47. exf6+ {[%clk 0:14:38]} Kxf6 {[%clk 0:53:36]} 48. Rf1+
{[%clk 0:14:30]} Ke5 {[%clk 0:53:02]} 49. Re1+ {[%clk 0:14:00]} Kd6
{[%clk 0:53:10]} 50. Re3 {[%clk 0:13:54]} h5 {[%clk 0:52:32]} 51. Bf5
{[%clk 0:11:04]} Rg5 {[%clk 0:52:17]} 52. Bc2 {[%clk 0:10:13]} Re5
{[%clk 0:50:13]} 53. Rxe5 {[%clk 0:08:27]} Kxe5 {[%clk 0:50:39]} 54. Bg6
{[%clk 0:08:53]} Nd7 {[%clk 0:39:59]} 55. Bxh5 {[%clk 0:07:58]} Ke4
{[%clk 0:40:11]} 56. Bg4 {[%clk 0:06:35]} Nc5 {[%clk 0:40:10]} 57. Bc8
{[%clk 0:05:16]} g6 {[%clk 0:39:31]} 58. g4 {[%clk 0:03:46]} Ke3 {[%clk 0:39:21]}
59. Ba6 {[%clk 0:03:06]} Ne4+ {[%clk 0:38:42]} 60. Kc2 {[%clk 0:01:00]} Kd4
{[%clk 0:38:30]} 61. Bb7 {[%clk 0:01:03]} Nd6 {[%clk 0:38:26]} 62. Bd5
{[%clk 0:00:36]} Nxc4 {[%clk 0:38:08]} 63. Bf7 {[%clk 0:00:40]} Ne5
{[%clk 0:37:22]} 64. Be8 {[%clk 0:00:38]} g5 {[%clk 0:37:43]} 65. Bh5
{[%clk 0:00:53]} Nc4 {[%clk 0:34:32]} 66. Kb3 {[%clk 0:00:38]} Ne3
{[%clk 0:34:30]} 67. Kb2 {[%clk 0:00:38]} Kc4 {[%clk 0:32:43]} 68. Kc1
{[%clk 0:00:46]} Kc3 {[%clk 0:32:39]} 69. Kb1 {[%clk 0:00:51]} a4
{[%clk 0:32:39]} 70. a3 {[%clk 0:00:36]} Kb3 {[%clk 0:32:27]} 71. Kc1
{[%clk 0:01:01]} Kxa3 {[%clk 0:32:13]} 72. Kd2 {[%clk 0:01:26]} Nc4+
{[%clk 0:30:45]} 73. Kc3 {[%clk 0:01:11]} Nd6 {[%clk 0:30:32]} 74. Kd4
{[%clk 0:01:09]} Kb4 {[%clk 0:30:38]} 0-1

[Event "High League 2022 women"]
[Site "Obninsk"]
[Date "2022.07.04"]
[Round "8.10"]
[White "Kleymenova, Valeria"]
[Black "Karmanova, Olga Dm."]
[Result "1/2-1/2"]
[LiveChessVersion "1.4.7"]
[BlackElo "2157"]
[WhiteElo "2177"]

1. d4 {[%clk 1:30:58]} Nf6 {[%clk 1:30:54]} 2. c4 {[%clk 1:31:21]} e6
{[%clk 1:31:20]} 3. g3 {[%clk 1:31:46]} Bb4+ {[%clk 1:31:39]} 4. Nd2
{[%clk 1:31:41]} c5 {[%clk 1:31:56]} 5. a3 {[%clk 1:31:10]} Bxd2+
{[%clk 1:32:20]} 6. Qxd2 {[%clk 1:31:15]} cxd4 {[%clk 1:32:44]} 7. Nf3
{[%clk 1:30:51]} d5 {[%clk 1:33:08]} 8. cxd5 {[%clk 1:29:12]} e5 {[%clk 1:33:32]}
9. Nxe5 {[%clk 1:27:52]} Qxd5 {[%clk 1:33:55]} 10. Nf3 {[%clk 1:28:03]} Nc6
{[%clk 1:30:09]} 11. Bg2 {[%clk 1:27:43]} O-O {[%clk 1:23:48]} 12. O-O
{[%clk 1:28:04]} Bg4 {[%clk 1:16:39]} 13. b4 {[%clk 1:24:51]} Rad8
{[%clk 0:55:39]} 14. Bb2 {[%clk 1:24:05]} Qh5 {[%clk 0:43:27]} 15. Nxd4
{[%clk 1:12:31]} Nxd4 {[%clk 0:32:26]} 16. Bxd4 {[%clk 1:12:53]} Bxe2
{[%clk 0:32:15]} 17. Rfe1 {[%clk 1:10:59]} Bf3 {[%clk 0:26:50]} 18. Bxf3
{[%clk 1:09:47]} Qxf3 {[%clk 0:27:15]} 19. Qe3 {[%clk 1:03:37]} Qxe3
{[%clk 0:25:03]} 20. Bxe3 {[%clk 1:04:02]} b6 {[%clk 0:25:03]} 21. Red1
{[%clk 1:01:01]} h6 {[%clk 0:24:39]} 22. Rac1 {[%clk 0:58:14]} Rxd1+
{[%clk 0:22:48]} 23. Rxd1 {[%clk 0:58:30]} 1/2-1/2

[Event "High League 2022 women"]
[Site "Obninsk"]
[Date "2022.07.04"]
[Round "8.11"]
[White "Afonasieva, Anna"]
[Black "Semenova, Elena"]
[Result "0-1"]
[LiveChessVersion "1.4.7"]
[BlackElo "2296"]
[WhiteElo "2232"]

1. d4 {[%clk 1:30:58]} Nf6 {[%clk 1:30:48]} 2. Nf3 {[%clk 1:31:21]} e6
{[%clk 1:28:21]} 3. g3 {[%clk 1:31:12]} b6 {[%clk 1:28:02]} 4. Bg2
{[%clk 1:31:34]} Bb7 {[%clk 1:28:27]} 5. O-O {[%clk 1:31:56]} c5 {[%clk 1:25:32]}
6. c4 {[%clk 1:31:59]} cxd4 {[%clk 1:22:08]} 7. Qxd4 {[%clk 1:32:04]} Bc5
{[%clk 1:20:03]} 8. Qd1 {[%clk 1:31:57]} Be7 {[%clk 1:13:36]} 9. Nc3
{[%clk 1:30:47]} O-O {[%clk 1:11:56]} 10. b3 {[%clk 1:27:30]} d6 {[%clk 1:06:52]}
11. Bb2 {[%clk 1:26:35]} Nbd7 {[%clk 1:07:03]} 12. Qc2 {[%clk 1:24:37]} Rc8
{[%clk 1:06:33]} 13. e4 {[%clk 1:22:49]} b5 {[%clk 0:55:20]} 14. Nxb5
{[%clk 1:06:44]} Bxe4 {[%clk 0:50:46]} 15. Qd2 {[%clk 1:06:12]} Qb6
{[%clk 0:47:06]} 16. Bd4 {[%clk 0:52:54]} Qb7 {[%clk 0:44:01]} 17. Ne1
{[%clk 0:52:16]} Bxg2 {[%clk 0:36:19]} 18. Nxg2 {[%clk 0:52:38]} Ne4
{[%clk 0:35:35]} 19. Qe3 {[%clk 0:49:17]} a6 {[%clk 0:35:21]} 20. Nc3
{[%clk 0:49:12]} Ndf6 {[%clk 0:26:37]} 21. Nxe4 {[%clk 0:47:19]} Nxe4
{[%clk 0:23:24]} 22. Rfe1 {[%clk 0:43:05]} Ng5 {[%clk 0:20:40]} 23. Nh4
{[%clk 0:35:13]} e5 {[%clk 0:19:35]} 24. Bb2 {[%clk 0:30:46]} f5 {[%clk 0:16:59]}
25. Qd3 {[%clk 0:17:33]} Nh3+ {[%clk 0:16:54]} 26. Kf1 {[%clk 0:17:57]} Bxh4
{[%clk 0:16:57]} 27. gxh4 {[%clk 0:17:23]} Qh1+ {[%clk 0:12:07]} 28. Ke2
{[%clk 0:17:47]} Nf4+ {[%clk 0:12:29]} 29. Kd2 {[%clk 0:18:09]} Nxd3
{[%clk 0:06:20]} 30. Rxh1 {[%clk 0:18:30]} Nxb2 {[%clk 0:06:49]} 31. Rab1
{[%clk 0:16:06]} Nxc4+ {[%clk 0:07:13]} 32. bxc4 {[%clk 0:16:31]} Rxc4
{[%clk 0:07:41]} 33. h5 {[%clk 0:15:48]} Rfc8 {[%clk 0:06:57]} 34. Rb2
{[%clk 0:16:12]} Kf7 {[%clk 0:06:33]} 35. Rg1 {[%clk 0:16:05]} R8c7
{[%clk 0:05:27]} 36. Rg3 {[%clk 0:16:11]} Rd4+ {[%clk 0:02:30]} 37. Ke2
{[%clk 0:15:58]} a5 {[%clk 0:02:42]} 38. Ra3 {[%clk 0:14:32]} a4 {[%clk 0:02:49]}
39. Rd3 {[%clk 0:13:43]} Rcc4 {[%clk 0:01:54]} 40. Rb7+ {[%clk 0:43:36]} Kf6
{[%clk 0:32:12]} 41. Rxd4 {[%clk 0:42:30]} Rxd4 {[%clk 0:31:47]} 42. h6
{[%clk 0:42:51]} gxh6 {[%clk 0:31:53]} 43. Rxh7 {[%clk 0:43:15]} Rh4
{[%clk 0:29:53]} 44. Ra7 {[%clk 0:43:11]} Ke6 {[%clk 0:27:49]} 45. a3
{[%clk 0:41:41]} h5 {[%clk 0:26:54]} 46. Ra8 {[%clk 0:41:30]} f4 {[%clk 0:26:13]}
47. Ke1 {[%clk 0:40:39]} Rxh2 {[%clk 0:24:47]} 48. Rxa4 {[%clk 0:40:59]} Rh1+
{[%clk 0:24:27]} 49. Ke2 {[%clk 0:41:17]} h4 {[%clk 0:24:08]} 50. Ra8
{[%clk 0:41:15]} h3 {[%clk 0:18:54]} 51. a4 {[%clk 0:40:12]} h2 {[%clk 0:17:41]}
52. Rh8 {[%clk 0:40:33]} Kd5 {[%clk 0:15:43]} 53. a5 {[%clk 0:40:47]} Kd4
{[%clk 0:15:01]} 54. Kf3 {[%clk 0:39:53]} Ra1 {[%clk 0:14:55]} 55. Rxh2
{[%clk 0:40:15]} Ra3+ {[%clk 0:15:12]} 56. Kg4 {[%clk 0:40:29]} Rxa5
{[%clk 0:15:14]} 57. Rh1 {[%clk 0:40:53]} Ra3 {[%clk 0:14:41]} 58. Rd1+
{[%clk 0:40:56]} Rd3 {[%clk 0:15:01]} 59. Ra1 {[%clk 0:41:19]} Rd2
{[%clk 0:13:45]} 60. Kf3 {[%clk 0:40:35]} e4+ {[%clk 0:13:51]} 61. Kxf4
{[%clk 0:40:30]} Rxf2+ {[%clk 0:14:18]} 62. Kg3 {[%clk 0:40:54]} Rf3+
{[%clk 0:14:24]} 63. Kg2 {[%clk 0:41:18]} d5 {[%clk 0:14:52]} 64. Ra4+
{[%clk 0:41:34]} Ke5 {[%clk 0:15:15]} 65. Ra5 {[%clk 0:41:57]} Rf8
{[%clk 0:15:39]} 66. Ra7 {[%clk 0:42:10]} e3 {[%clk 0:16:05]} 0-1

[Event "High League 2022 women"]
[Site "Obninsk"]
[Date "2022.07.04"]
[Round "8.12"]
[White "Grigorieva, Yulia"]
[Black "Tomilova, Elena"]
[Result "0-1"]
[LiveChessVersion "1.4.7"]
[BlackElo "2278"]
[WhiteElo "2218"]

1. d4 {[%clk 1:30:57]} Nf6 {[%clk 1:30:54]} 2. c4 {[%clk 1:31:23]} e6
{[%clk 1:31:20]} 3. Nf3 {[%clk 1:31:44]} b6 {[%clk 1:31:40]} 4. Bd2
{[%clk 1:31:48]} c5 {[%clk 1:29:21]} 5. d5 {[%clk 1:30:46]} exd5 {[%clk 1:27:08]}
6. cxd5 {[%clk 1:31:10]} g6 {[%clk 1:27:02]} 7. Bc3 {[%clk 1:19:25]} Bg7
{[%clk 1:24:15]} 8. e3 {[%clk 1:11:17]} O-O {[%clk 1:22:50]} 9. Bc4
{[%clk 1:09:03]} Ba6 {[%clk 1:20:28]} 10. Qd3 {[%clk 1:00:15]} Bxc4
{[%clk 1:18:49]} 11. Qxc4 {[%clk 1:00:39]} d6 {[%clk 1:19:05]} 12. a4
{[%clk 0:57:53]} a6 {[%clk 1:16:56]} 13. Qd3 {[%clk 0:55:25]} Nbd7
{[%clk 1:14:40]} 14. b3 {[%clk 0:47:52]} b5 {[%clk 1:06:38]} 15. a5
{[%clk 0:44:26]} Re8 {[%clk 0:58:18]} 16. O-O {[%clk 0:30:21]} Qc7
{[%clk 0:57:40]} 17. Nbd2 {[%clk 0:28:03]} Rac8 {[%clk 0:50:45]} 18. Rac1
{[%clk 0:22:30]} Qb7 {[%clk 0:46:32]} 19. e4 {[%clk 0:21:39]} Re7
{[%clk 0:39:39]} 20. Rfe1 {[%clk 0:15:51]} Rce8 {[%clk 0:39:47]} 21. b4
{[%clk 0:12:18]} c4 {[%clk 0:37:22]} 22. Qb1 {[%clk 0:09:59]} Ng4
{[%clk 0:35:31]} 23. Rf1 {[%clk 0:08:30]} Nge5 {[%clk 0:34:36]} 24. Ne1
{[%clk 0:07:51]} Ng4 {[%clk 0:30:23]} 25. h3 {[%clk 0:07:24]} Bxc3
{[%clk 0:30:34]} 26. Rxc3 {[%clk 0:07:53]} Ngf6 {[%clk 0:30:55]} 27. Re3
{[%clk 0:06:28]} Qa7 {[%clk 0:31:11]} 28. Kh1 {[%clk 0:05:07]} Nh5
{[%clk 0:30:42]} 29. Qd1 {[%clk 0:03:28]} Ne5 {[%clk 0:28:17]} 30. g3
{[%clk 0:00:48]} Nd7 {[%clk 0:27:43]} 31. Nc2 {[%clk 0:00:44]} Nhf6
{[%clk 0:23:50]} 32. Rfe1 {[%clk 0:00:44]} Ne5 {[%clk 0:23:57]} 33. Qa1
{[%clk 0:00:56]} Nh5 {[%clk 0:23:47]} 34. Qc3 {[%clk 0:00:48]} Nd3
{[%clk 0:23:48]} 35. R1e2 {[%clk 0:01:06]} f5 {[%clk 0:22:44]} 36. Nd4
{[%clk 0:01:03]} f4 {[%clk 0:20:11]} 37. Nc6 {[%clk 0:00:41]} fxe3
{[%clk 0:19:17]} 38. Nxa7 {[%clk 0:00:42]} exd2 {[%clk 0:19:39]} 39. Qxd2
{[%clk 0:00:50]} Rxa7 40. Kh2 Rae7 {[%clk 0:48:49]} 41. f3 {[%clk 0:29:31]} Nf6
{[%clk 0:47:55]} 42. Qg5 {[%clk 0:21:52]} Kg7 {[%clk 0:47:06]} 43. Qe3
{[%clk 0:21:28]} Rc8 {[%clk 0:37:16]} 44. Qb6 {[%clk 0:19:58]} c3
{[%clk 0:33:54]} 45. Qxd6 {[%clk 0:18:47]} Rec7 {[%clk 0:32:15]} 46. Rc2
{[%clk 0:16:47]} Ne1 {[%clk 0:31:56]} 47. Rxc3 {[%clk 0:11:15]} Rxc3
{[%clk 0:31:52]} 48. Qe7+ {[%clk 0:11:39]} Kh6 {[%clk 0:31:48]} 49. Qxf6
{[%clk 0:11:46]} Nxf3+ {[%clk 0:23:32]} 50. Kg2 {[%clk 0:06:19]} Ng5 51. Qf4 Rb3
{[%clk 0:22:16]} 52. Qd2 {[%clk 0:04:03]} Rcc3 {[%clk 0:21:15]} 53. Kf2
{[%clk 0:02:06]} Rd3 {[%clk 0:20:26]} 54. Qc1 {[%clk 0:01:21]} Rbc3
{[%clk 0:19:52]} 55. Qb2 {[%clk 0:01:33]} Rf3+ {[%clk 0:19:45]} 56. Ke1
{[%clk 0:01:45]} Rce3+ {[%clk 0:19:15]} 57. Kd1 Rf1+ 0-1

[Event "High League 2022 women"]
[Site "Obninsk"]
[Date "2022.07.04"]
[Round "8.13"]
[White "Shukhman, Anna"]
[Black "Ivanova, Anastasia S."]
[Result "1-0"]
[LiveChessVersion "1.4.7"]
[BlackElo "1922"]
[WhiteElo "2121"]

1. e4 {[%clk 1:30:56]} c5 {[%clk 1:30:58]} 2. Nf3 {[%clk 1:31:22]} Nc6
{[%clk 1:31:24]} 3. d4 {[%clk 1:31:48]} cxd4 {[%clk 1:31:51]} 4. Nxd4
{[%clk 1:32:16]} Nf6 {[%clk 1:32:17]} 5. Nc3 {[%clk 1:32:44]} d6 {[%clk 1:32:44]}
6. Bg5 {[%clk 1:32:32]} e6 {[%clk 1:32:19]} 7. Qd2 {[%clk 1:31:58]} a6
{[%clk 1:24:20]} 8. O-O-O {[%clk 1:32:11]} Bd7 {[%clk 1:18:06]} 9. f3
{[%clk 1:29:30]} h6 {[%clk 1:16:32]} 10. Be3 {[%clk 1:29:48]} Be7
{[%clk 1:12:41]} 11. g4 {[%clk 1:28:18]} Ne5 {[%clk 1:10:48]} 12. h4
{[%clk 1:24:46]} Rc8 {[%clk 1:09:42]} 13. Qg2 {[%clk 1:20:27]} Nc4
{[%clk 1:07:38]} 14. Bxc4 {[%clk 1:20:47]} Rxc4 {[%clk 1:08:05]} 15. g5
{[%clk 1:21:15]} Nh5 {[%clk 1:00:25]} 16. f4 {[%clk 1:17:35]} Qa5
{[%clk 0:56:20]} 17. Qf3 {[%clk 1:05:44]} g6 {[%clk 0:54:05]} 18. gxh6
{[%clk 1:03:54]} b5 {[%clk 0:52:38]} 19. Nb3 {[%clk 0:59:33]} Qc7
{[%clk 0:51:45]} 20. f5 {[%clk 0:57:23]} b4 {[%clk 0:49:16]} 21. fxg6
{[%clk 0:56:30]} fxg6 {[%clk 0:49:33]} 22. Ne2 {[%clk 0:53:07]} Rxc2+
{[%clk 0:42:37]} 23. Kb1 {[%clk 0:52:40]} e5 {[%clk 0:38:14]} 24. Qg2
{[%clk 0:47:48]} Be6 {[%clk 0:20:49]} 25. Rc1 {[%clk 0:46:24]} Rc4
{[%clk 0:14:15]} 26. Qxg6+ {[%clk 0:43:26]} Bf7 {[%clk 0:14:25]} 27. Qg2
{[%clk 0:42:19]} Qb7 {[%clk 0:09:15]} 28. Nd2 {[%clk 0:41:28]} Rxc1+
{[%clk 0:09:25]} 29. Rxc1 {[%clk 0:41:56]} Bxh4 {[%clk 0:05:39]} 30. Nc4
{[%clk 0:38:02]} Qe7 {[%clk 0:00:54]} 31. Qg4 {[%clk 0:37:03]} Rg8
{[%clk 0:00:41]} 32. Qc8+ {[%clk 0:37:24]} Qd8 {[%clk 0:01:09]} 33. Nxd6+
{[%clk 0:37:50]} Kf8 {[%clk 0:00:57]} 34. Qxd8+ {[%clk 0:35:48]} Bxd8
{[%clk 0:01:23]} 35. Rc8 {[%clk 0:36:11]} Ke7 {[%clk 0:01:27]} 36. h7
{[%clk 0:35:37]} Rh8 {[%clk 0:01:23]} 37. Bb6 {[%clk 0:34:06]} Bg6
{[%clk 0:00:32]} 38. Rxd8 {[%clk 0:34:13]} Rxh7 {[%clk 0:00:49]} 39. Nc8+
{[%clk 0:34:37]} Kf7 {[%clk 0:00:40]} 40. Rd7+ {[%clk 1:03:53]} Ke8
{[%clk 0:30:57]} 41. Rxh7 {[%clk 1:04:16]} Bxh7 {[%clk 0:31:24]} 42. Nd6+
{[%clk 1:03:28]} Kd7 {[%clk 0:31:47]} 43. Bc5 {[%clk 1:03:28]} a5
{[%clk 0:31:50]} 44. a3 {[%clk 1:03:32]} bxa3 {[%clk 0:31:46]} 45. Bxa3
{[%clk 1:03:59]} Nf6 {[%clk 0:29:15]} 46. Nc3 {[%clk 1:04:19]} Kc6
{[%clk 0:28:59]} 47. Kc2 {[%clk 1:04:40]} Nd7 {[%clk 0:28:30]} 48. Nc4
{[%clk 1:04:38]} a4 {[%clk 0:25:29]} 49. Kd3 {[%clk 1:04:56]} Nc5+
{[%clk 0:25:39]} 50. Ke3 {[%clk 1:04:42]} Nd7 {[%clk 0:24:44]} 51. Nxa4
{[%clk 1:05:02]} Kb5 {[%clk 0:24:54]} 52. b3 {[%clk 1:05:27]} Bg8
{[%clk 0:24:33]} 53. Nc3+ {[%clk 1:05:50]} Kc6 {[%clk 0:24:53]} 54. Nb1
{[%clk 1:03:08]} Kb5 {[%clk 0:22:27]} 55. Nbd2 {[%clk 1:03:18]} Bh7
{[%clk 0:21:53]} 56. Bd6 {[%clk 1:03:36]} Nc5 {[%clk 0:22:15]} 57. Nxe5
{[%clk 1:03:22]} Nb7 {[%clk 0:22:19]} 58. Be7 {[%clk 1:03:27]} Na5
{[%clk 0:22:27]} 59. b4 {[%clk 1:03:39]} Nc6 {[%clk 0:22:44]} 60. Nxc6
{[%clk 1:03:59]} Kxc6 {[%clk 0:23:10]} 61. Kd4 {[%clk 1:03:53]} Bg8
{[%clk 0:23:27]} 62. e5 {[%clk 1:04:11]} Kb5 {[%clk 0:23:48]} 63. Ne4
{[%clk 1:04:36]} Bb3 {[%clk 0:24:02]} 64. Nc3+ {[%clk 1:04:51]} Kc6
{[%clk 0:24:27]} 65. b5+ {[%clk 1:05:17]} Kb6 {[%clk 0:24:49]} 66. Bd8+
{[%clk 1:05:41]} Kb7 {[%clk 0:25:14]} 67. Kc5 {[%clk 1:06:08]} Be6
{[%clk 0:25:37]} 68. Kd6 {[%clk 1:06:32]} Bg4 {[%clk 0:25:58]} 69. b6
{[%clk 1:06:56]} Kc8 {[%clk 0:26:20]} 70. Bc7 {[%clk 1:07:15]} Bh3
{[%clk 0:26:37]} 71. e6 {[%clk 1:07:25]} Bxe6 {[%clk 0:26:58]} 72. Kxe6
{[%clk 1:07:53]} Kb7 {[%clk 0:27:25]} 73. Ne4 {[%clk 1:08:14]} Ka8
{[%clk 0:27:51]} 74. Kd5 {[%clk 1:08:30]} Kb7 {[%clk 0:28:17]} 75. Nd6+
{[%clk 1:08:56]} 1-0

[Event "High League 2022 women"]
[Site "Obninsk"]
[Date "2022.07.04"]
[Round "8.14"]
[White "Paramzina, Anastasya"]
[Black "Dorokhina, Elizaveta"]
[Result "1/2-1/2"]
[LiveChessVersion "1.4.7"]
[BlackElo "2045"]
[WhiteElo "2256"]

1. e4 {[%clk 1:24:46]} e6 {[%clk 1:30:49]} 2. d3 {[%clk 1:25:08]} d5
{[%clk 1:30:41]} 3. Nd2 {[%clk 1:25:31]} c5 {[%clk 1:30:58]} 4. Ngf3
{[%clk 1:25:57]} Nc6 {[%clk 1:31:20]} 5. g3 {[%clk 1:26:22]} Bd6 {[%clk 1:31:44]}
6. Bg2 {[%clk 1:26:46]} Nge7 {[%clk 1:31:41]} 7. O-O {[%clk 1:27:09]} O-O
{[%clk 1:30:54]} 8. Re1 {[%clk 1:27:26]} Qc7 {[%clk 1:30:01]} 9. c3
{[%clk 1:27:30]} f6 {[%clk 1:26:34]} 10. Qe2 {[%clk 1:21:59]} d4 {[%clk 1:20:55]}
11. Nc4 {[%clk 1:16:58]} e5 {[%clk 1:20:56]} 12. cxd4 {[%clk 1:15:37]} cxd4
{[%clk 1:19:21]} 13. Bd2 {[%clk 1:06:30]} b5 {[%clk 1:16:45]} 14. Nxd6
{[%clk 1:06:49]} Qxd6 {[%clk 1:17:10]} 15. Rec1 {[%clk 1:03:19]} Be6
{[%clk 1:15:58]} 16. Ne1 {[%clk 1:00:17]} Rac8 {[%clk 1:00:43]} 17. f4
{[%clk 0:56:51]} f5 {[%clk 0:47:43]} 18. Nf3 {[%clk 0:38:47]} fxe4
{[%clk 0:37:47]} 19. Qxe4 {[%clk 0:36:42]} Bf5 {[%clk 0:37:12]} 20. fxe5
{[%clk 0:29:21]} Qg6 {[%clk 0:36:35]} 21. Qh4 {[%clk 0:29:32]} Bg4
{[%clk 0:32:12]} 22. Ng5 {[%clk 0:19:22]} Nxe5 {[%clk 0:28:14]} 23. Nxh7
{[%clk 0:14:53]} Qxh7 {[%clk 0:27:14]} 24. Qxe7 {[%clk 0:14:46]} Rce8
{[%clk 0:24:19]} 25. Bd5+ {[%clk 0:06:02]} Kh8 {[%clk 0:24:43]} 26. Qd6
{[%clk 0:04:16]} Nf3+ {[%clk 0:22:20]} 27. Bxf3 {[%clk 0:04:42]} Bxf3
{[%clk 0:22:45]} 28. Bf4 {[%clk 0:03:51]} Qxd3 {[%clk 0:20:23]} 29. Rf1
{[%clk 0:04:19]} Bg4 {[%clk 0:18:15]} 30. Rac1 {[%clk 0:03:16]} Bh3
{[%clk 0:16:56]} 31. Rf2 {[%clk 0:02:50]} Qe4 {[%clk 0:16:34]} 32. Rd2
{[%clk 0:03:00]} Rd8 {[%clk 0:12:31]} 33. Qc5 {[%clk 0:02:10]} Kg8
{[%clk 0:09:12]} 34. Qe5 {[%clk 0:02:22]} Qxe5 {[%clk 0:08:28]} 35. Bxe5
{[%clk 0:02:48]} d3 {[%clk 0:08:40]} 36. Bc3 {[%clk 0:03:01]} Rf3
{[%clk 0:07:31]} 37. Rf2 {[%clk 0:03:05]} Rdf8 {[%clk 0:06:33]} 38. Rxf3
{[%clk 0:03:25]} Rxf3 {[%clk 0:06:58]} 39. Bd2 {[%clk 0:03:19]} Rf5
{[%clk 0:05:57]} 40. Re1 {[%clk 0:32:42]} Kf7 {[%clk 0:35:34]} 41. a3
{[%clk 0:33:10]} a6 {[%clk 0:34:55]} 42. Bc3 {[%clk 0:33:29]} Rf3
{[%clk 0:34:09]} 43. Bd2 {[%clk 0:33:20]} Kf6 {[%clk 0:34:20]} 44. Bc3+
{[%clk 0:33:42]} Kf5 {[%clk 0:33:02]} 45. Re5+ {[%clk 0:33:56]} Kg6
{[%clk 0:33:12]} 46. Re1 {[%clk 0:34:25]} Kf5 {[%clk 0:33:22]} 47. Re5+
{[%clk 0:34:51]} Kg6 {[%clk 0:33:47]} 48. Re1 {[%clk 0:35:15]} 1/2-1/2